Divé husi : bábková hra v 3 dejstvách /

Main Author: Ozábal, Ján, 1914-1981
Language: Slovak
Published: Bratislava : Slovenské divadelné a literárne zastupiteľstvo, 1958
Physical Description: 67 s., příl. ; 8°
Book
Saved in:
LEADER 01138nam a22003012a 4500
001 001413993
003 CZ BrMZK
005 20190507134717.0
007 ta
008 140821s1958 xo ar|||||||||d|slo d
040 |a ABA001  |b cze  |c ABA001  |d ABA001  |d BOA001 
072 7 |a 821.162.4  |x Slovenská literatura  |2 Konspekt  |9 25 
072 7 |a 821-93  |x Literatura pro děti a mládež (beletrie)  |2 Konspekt  |9 26 
080 |a 821.162.4-2  |2 MRF 
080 |a 821-93  |2 MRF 
080 |a (0:82-2)  |2 MRF 
080 |a (0:82-2)792.97  |2 MRF 
100 1 |a Ozábal, Ján,  |d 1914-1981  |7 ola2002152444  |4 aut 
245 1 0 |a Divé husi :  |b bábková hra v 3 dejstvách /  |c na motív ruskej ľudovej rozprávky napísal Ján Ozábal 
260 |a Bratislava :  |b Slovenské divadelné a literárne zastupiteľstvo,  |c 1958 
300 |a 67 s., příl. ;  |c 8° 
655 7 |a slovenská dramata  |7 fd133443  |2 czenas 
655 7 |a loutkové hry  |7 fd132777  |2 czenas 
655 7 |a publikace pro děti  |7 fd133156  |2 czenas 
910 |a BOA001  |b 2-0414.049 
990 |a BK 
991 |b 201408 
996 7 |b 2619122344  |c 2-0414.049  |l MZK  |r Sklad / do 24 hodin  |n 0  |w 001449070  |u 000010  |a 1  |e BOA001  |j MZK50  |s A